The compassionate touch / (Record no. 1866)
[ view plain ]
| 000 -LEADER | |
|---|---|
| fixed length control field | 00681nam a2200253Ia 4500 |
| 001 - CONTROL NUMBER | |
| control field | 12325 |
| 003 - CONTROL NUMBER IDENTIFIER | |
| control field | GBCCL |
| 005 - DATE AND TIME OF LATEST TRANSACTION | |
| control field | 20241126110411.0 |
| 008 - FIXED-LENGTH DATA ELEMENTS--GENERAL INFORMATION | |
| fixed length control field | 800710s1980 mnua 00010 eng d |
| 010 ## - | |
| -- | 76062694 |
| 020 ## - INTERNATIONAL STANDARD BOOK NUMBER | |
| International Standard Book Number | 0871230216 |
| 035 ## - SYSTEM CONTROL NUMBER | |
| System control number | OCM06504161 |
| 040 ## - CATALOGING SOURCE | |
| Original cataloging agency | LLU |
| Transcribing agency | LLU |
| Modifying agency | m.c. |
| -- | LBB |
| 049 ## - | |
| -- | LBBK |
| 082 ## - DEWEY DECIMAL CLASSIFICATION NUMBER | |
| Classification number | 266.00954 |
| Item number | WEA |
| 090 ## - LOCALLY ASSIGNED LC-TYPE CALL NUMBER (OCLC); LOCAL CALL NUMBER (RLIN) | |
| Classification number (OCLC) (R) ; Classification number, CALL (RLIN) (NR) | BV3290.C3 |
| Local cutter number (OCLC) ; Book number/undivided call number, CALL (RLIN) | W42 1980 |
| 092 ## - LOCALLY ASSIGNED DEWEY CALL NUMBER (OCLC) | |
| Classification number | 266.00954 |
| Item number | W361 |
| 100 10 - MAIN ENTRY--PERSONAL NAME | |
| Personal name | Wead, Doug. |
| 9 (RLIN) | 3891 |
| 245 14 - TITLE STATEMENT | |
| Title | The compassionate touch / |
| Statement of responsibility, etc. | Douglas Wead. |
| 260 0# - PUBLICATION, DISTRIBUTION, ETC. | |
| Place of publication, distribution, etc. | Minneapolis, Minn. : |
| Name of publisher, distributor, etc. | Bethany Fellowship, |
| Date of publication, distribution, etc. | c1980. |
| 300 ## - PHYSICAL DESCRIPTION | |
| Extent | 189 p. : |
| Other physical details | ill. ; |
| Dimensions | 18 cm. |
| 650 #0 - SUBJECT ADDED ENTRY--TOPICAL TERM | |
| Topical term or geographic name entry element | Missions |
| Geographic subdivision | India |
| -- | Calcutta. |
| 9 (RLIN) | 3892 |
| 942 ## - ADDED ENTRY ELEMENTS (KOHA) | |
| Source of classification or shelving scheme | Dewey Decimal Classification |
| Koha item type | Books |
| Withdrawn status | Lost status | Source of classification or shelving scheme | Damaged status | Not for loan | Home library | Current Library | Shelving location | Date acquired | Total checkouts | Full call number | Barcode | Date last seen | Copy number | Price effective from | Koha item type |
|---|---|---|---|---|---|---|---|---|---|---|---|---|---|---|---|
| Dewey Decimal Classification | GRACE BIBLE COLLEGE | GRACE BIBLE COLLEGE | Ministry & Mission | 2017-05-30 | 266.00954 WEA | 008372 | 2025-05-01 | c.1 | 2017-05-30 | Books |